Computational error and complexity in science and engineering / (Record no. 30405)
[ view plain ]
| 000 -LEADER | |
|---|---|
| fixed length control field | 00834cam a22002174a 4500 |
| 020 ## - INTERNATIONAL STANDARD BOOK NUMBER | |
| International Standard Book Number | 9780444518606 (alk. paper) |
| 020 ## - INTERNATIONAL STANDARD BOOK NUMBER | |
| International Standard Book Number | 0444518606 (alk. paper) |
| 082 00 - DEWEY DECIMAL CLASSIFICATION NUMBER | |
| Classification number | 620/.001/51 |
| 100 1# - MAIN ENTRY--PERSONAL NAME | |
| Personal name | Lakshmikantham, V., |
| 245 10 - TITLE STATEMENT | |
| Title | Computational error and complexity in science and engineering / |
| 250 ## - EDITION STATEMENT | |
| Edition statement | 1st ed. |
| 260 ## - PUBLICATION, DISTRIBUTION, ETC. | |
| Place of publication, distribution, etc. | Amsterdam ; |
| -- | Boston : |
| Name of publisher, distributor, etc. | Elsevier, |
| Date of publication, distribution, etc. | 2005. |
| 300 ## - PHYSICAL DESCRIPTION | |
| Extent | ix, 248 p. : |
| Other physical details | ill. ; |
| 650 #0 - SUBJECT ADDED ENTRY--TOPICAL TERM | |
| Topical term or geographic name entry element | Engineering mathematics. |
| 650 #0 - SUBJECT ADDED ENTRY--TOPICAL TERM | |
| Topical term or geographic name entry element | Approximation theory. |
| 700 1# - ADDED ENTRY--PERSONAL NAME | |
| Personal name | Sen, S. K. |
| 856 42 - ELECTRONIC LOCATION AND ACCESS | |
| Uniform Resource Identifier | <a href="http://www.loc.gov/catdir/enhancements/fy0726/2005040038-d.html">http://www.loc.gov/catdir/enhancements/fy0726/2005040038-d.html</a> |
| 856 41 - ELECTRONIC LOCATION AND ACCESS | |
| Uniform Resource Identifier | <a href="http://www.loc.gov/catdir/enhancements/fy0623/2005040038-t.html">http://www.loc.gov/catdir/enhancements/fy0623/2005040038-t.html</a> |
| 942 ## - ADDED ENTRY ELEMENTS (KOHA) | |
| Koha item type | Book |
| Withdrawn status | Lost status | Damaged status | Not for loan | Collection code | Permanent Location | Current Location | Shelving location | Date acquired | Total Checkouts | Full call number | Barcode | Date last seen | Price effective from | Koha item type |
|---|---|---|---|---|---|---|---|---|---|---|---|---|---|---|
| School of Natural Sciences (SNS) | School of Natural Sciences (SNS) | Book Cart | 08/03/2016 | 620/.001/51 | SNS0002261 | 08/03/2016 | 08/03/2016 | Book |
